000
00328nam a22001457a 4500
003
SGT
020
_a
978-1-4129-6049-6
082
_a
610.72, R12N
100
_a
NESTOR, PAUL G.
245
_a
RESEARCH METHODS IN PSYCHOLOGY
260
_a
LOS ANGELS
_b
SAGE PUB.
_c
2012
300
_a
502
650
_a
RESEARCH
942
_2
ddc
_c
BK
999
_c
8379
_d
8379